Handbook of chemical technology and pollution control

Wedi'i Gadw mewn:
Manylion Llyfryddiaeth
Prif Awdur: Hocking, Martin B.
Fformat: Llyfr
Iaith:Undetermined
Cyhoeddwyd: Burlington, MA. Academic Press 2005
Pynciau:
Tagiau: Ychwanegu Tag
Dim Tagiau, Byddwch y cyntaf i dagio'r cofnod hwn!
Thư viện lưu trữ: Trung tâm Học liệu Trường Đại học Cần Thơ
LEADER 00541nam a2200193Ia 4500
001 CTU_104409
008 210402s9999 xx 000 0 und d
020 |c 117.6 
082 |a 363.73 
082 |b H685 
100 |a Hocking, Martin B. 
245 0 |a Handbook of chemical technology and pollution control 
245 0 |c Martin B. Hocking 
260 |a Burlington, MA. 
260 |b Academic Press 
260 |c 2005 
650 |a Pollution,Chemical pollutants 
904 |i Minh 
980 |a Trung tâm Học liệu Trường Đại học Cần Thơ